Responses for Show #5346 - Monday, December 3, 2007

Lisa Klink game 6.

Contestants

[<< previous game]

Brian Baggett, a landscape designer from Sky Valley, California

Heather Mathewson Rainville, a business analyst from Pittsboro, North Carolina

Lisa Klink, a TV writer from Los Angeles, California (whose 5-day cash winnings total $70,150)

[next game >>]

Jeopardy! Round responses

RELIGION
THE EMMYS
THIS & THAT
COFFEE BREAK
COLOR MY WORLD
(Alex: And finally, not WIKIPEDIA but...)
"ICK"-IPEDIA
    $200 26
(Brian: What is Maharishi Mahesh Yogi?)
...
(Alex: We are going for the religion, not the name of the man.)

Hindu

LisaBrian
    $200 1
Alan Alda

Lisa
    $200 6
a tank

Lisa
    $200 21
Seattle

Brian
    $200 16
the Black Forest

Heather
    $200 11
a rickshaw

Brian
    $400 27
exorcise

Lisa
    $400 2
Will & Grace

Brian
    $400 7
red & white

Heather
    $400 22
the United States

Lisa
    $400 17
Red China

Brian
    $400 12
"Wild" Bill Hickok

Heather
    $600 28
(Heather: What is Latter-Day Saints?)

Scientist

LisaHeather
    $600 3
Julia Louis-Dreyfus

Heather
    $600 8
the miniskirt

Brian
    $600 23
an Irish coffee

Heather
    $600 18
the Green Zone

Brian
    $600 13
Sick Bay

Heather
    $800 29
(Brian: What is the Black Rock?)
...
(Alex: It is called [*]. [*]. The Black Rock is in Universal City.)

the Kaaba

Brian
Triple Stumper
    $800 4
The Dick Van Dyke Show

Heather
    $800 9
the tube

Heather
    $800 24
Chock Full o'Nuts

Heather
    $800 19
White Russia

Brian
    $800 14
a pickle

Lisa
    $2,500 30
eight (eightfold accepted)

Lisa
    $1000 5
Kunta Kinte

Heather
    $1000 10
(Brian: What is Mississippi?)

South Carolina

Brian
Triple Stumper
    $1000 25
Jamaican Blue Mountain Coffee

Brian
    $1000 20
Orange

Brian
    $1000 15
a wicket

Heather

Scores at the first commercial break (after clue 15):

Lisa Heather Brian
$1,200 $5,600 $200

Scores at the end of the Jeopardy! Round:

Lisa Heather Brian
$5,300 $6,600 $3,200

Double Jeopardy! Round responses

WHAT'S IN AN ARTIST'S NAME?
THE BASS-ICS
THE FIRST WIVES CLUB
YOU ARE SO FOXY!
SCI. ABBREV.
RETRONYMS
(Alex: These are words that had to be created retroactively. For instance, we never new about acoustic guitars until electric guitars came into being)
    $400 14
his mother

Triple Stumper
    $400 22
funk

Brian
    $400 6
Josephine

Lisa
    $400 17
the quick brown fox

Lisa
    $400 9
graphical

Heather
    $400 1
analog

Brian
    $800 23
"Hell"

Triple Stumper
    $800 27
a guitar

Triple Stumper
    $800 7
(Heather: Who was Julius Caesar?)

Marc Antony

Heather
Triple Stumper
    $800 18
the swamp fox

Lisa
    $800 10
non [or no] rapid eye movement

Brian
    $800 2
snail mail

Lisa
    $1200 24
El Greco

Heather
    $1200 28
the root

Lisa
    $1200 8
Woodrow Wilson

Triple Stumper
    $1200 19
The Society of Friends (Quakers)

Triple Stumper
    $1200 11
osteopathy

Brian
    $1200 3
family

Lisa
    $1600 25
[Henri de] Toulouse-Lautrec

Lisa
    $1600 29
Derek (Smalls)

Triple Stumper
    $2,000 15
[Albert] Einstein

Lisa
    $1600 20
foxtrot

Heather
    $1600 12
the thyroid

Lisa
    $1600 4
television

Lisa
    $2000 26
Hieronymus Bosch

Heather
    $2000 30
harmonic

Lisa
    $2000 16
Shelley

Lisa
    $2000 21
digitalis

Brian
    $2000 13
(Lisa: What is reverse?)
(Brian: What is regressive?)

ribosomal

LisaBrian
Triple Stumper
    $2,000 5
(Lisa: Let's go with unleaded?)

regular

Lisa

Scores at the end of the Double Jeopardy! Round:

Lisa Heather Brian
$16,900 $11,000 $6,000

[wagering suggestions for these scores]

Final Jeopardy! Round responses

AUTHORS
BrianWho is Buck?
$5,999
HeatherWho is Pearl Buck?
$10,900
LisaWho is Amy Tan?
$5,200
Pearl Buck

Final scores:

Lisa Heather Brian
$11,700 $21,900 $11,999
3rd place: $1,000 + the Jeopardy! DVD Home Game System New champion: $21,900 + the Jeopardy! DVD Home Game System 2nd place: $2,000 + the Jeopardy! DVD Home Game System

Game dynamics:

Coryat scores:

Lisa Heather Brian
$17,000 $11,000 $6,000
20 R
(including 2 DDs),
2 W
(including 1 DD)
15 R,
2 W
14 R,
4 W

Combined Coryat: $34,000

[game clues] [game scores] [suggest correction]

Game tape date: 2007-08-28
The J! Archive is created by fans, for fans. Scraping, republication, monetization, and malicious use prohibited; this site may use cookies and collect identifying information. See terms. The Jeopardy! game show and all elements thereof, including but not limited to copyright and trademark thereto, are the property of Jeopardy Productions, Inc. and are protected under law. This website is not affiliated with, sponsored by, or operated by Jeopardy Productions, Inc. Join the discussion at JBoard.tv.